000 00497nam a2200169Ia 4500
008 200115s9999 xx 000 0 und d
100 _aMilbrand, Lisa
245 _aAuthoritarian vs. authoritative parenting/
245 _cLisa Milbrand
260 _bReader's Digest Asia
260 _c2019
300 _aPages 82-85, August 2019
440 _aAsia Reader's Digest: Acts of Kindness Everyone can do
_v116:678
650 _aparent and child
650 _aparenting
650 _arelationship
999 _c362925
_d362925